| 000 | 00704nam a2200193 i 4500 | ||
|---|---|---|---|
| 001 | bg | ||
| 100 | 1 | _aBRATKOWSKI, Andrzej | |
| 245 | 1 | 0 |
_aZasady zachowania struktury organizacyjnej budownictwa : _bopisane według wielkości przedsiębiorstw budowlanych / _cAndrzej Bratkowski. |
| 260 |
_aKraków : _bPK, _c1988. |
||
| 490 | 1 |
_aMonografia / Politechnika Krakowska im. Tadeusza Kościuszki, _x0860-097X ; _v73 |
|
| 650 | 9 |
_aBudownictwo _xorganizacja |
|
| 650 | 9 |
_aZarządzanie _xbudownictwo |
|
| 830 | 0 |
_aMonografia (Politechnika Krakowska im. Tadeusza Kościuszki) ; _v73 |
|
| 040 | _cBPK | ||
| 041 | 0 | _apol | |
| 080 | _a658.1/.5.012.4:69 | ||
| 942 | _cKS | ||
| 008 | s pl f |000 0 pol | ||
| 999 |
_c35486 _d35486 |
||
| 856 |
_uhttp://koha.tu.koszalin.pl/cgi-bin/koha/opac-detail.pl?biblionumber=35486 _yKatalog online BPK |
||